000 00627cam a2200229 4500
001 D15085
008 1949
035 _a(Sirsi) u94948
041 _aeng
050 _a333.0062
100 _aBlagburn, C.H.
245 _aArticles of pupilage: form for payment of premium by instalments, approved 1927
260 _bRICS
_c1949
300 _a4p.
_c41cm
350 _a0
520 _aFiled in box RICS 1949 A
651 4 _aGreat Britain
_y1707-
690 _aBusiness and management
710 _aRoyal Institution of Chartered Surveyors
_94900
942 _n0
948 _c04/03/1997
999 _c98231
_d98231